| 000 | 00790cam a22002535a 4500 | ||
|---|---|---|---|
| 001 | 007774753 | ||
| 005 | 20180522120810.0 | ||
| 008 | 040420s1986 enka frb 001 0 eng d | ||
| 020 | _a0063183366 | ||
| 040 |
_aUk _cUk _beng _dEG-ScBUE |
||
| 043 | _ae-uk--- | ||
| 082 | 0 | 4 |
_a301.36309 _222 _bLAW |
| 100 | 1 | _aLawless, Paul. | |
| 245 | 1 | 0 |
_aUrban growth and change in Britain : _ban introduction / _cPaul Lawless, Frank Brown. |
| 260 |
_aLondon : _bHarper & Row Publishers, _c1986. |
||
| 300 |
_a247 p. : _bill. ; _c24 cm. |
||
| 504 | _aIncludes bibliographical references and index. | ||
| 650 | 7 |
_2BUEsh _aCities and towns _zGreat Britain _xHistory. |
|
| 651 | _2BUEsh | ||
| 653 |
_bGGEN _cMay2018 |
||
| 700 | 1 | _aBrown, Frank. | |
| 942 | _2ddc | ||
| 999 |
_c26767 _d26739 |
||